[Event "RUS-ch Blitz Men 2018"]
[Site "Sochi"]
[Date "2018.10.07"]
[Round "13"]
[White "Tsoi, Dmitry"]
[Black "Sychev, Klementy"]
[Result "0-1"]
[WhiteElo "2429"]
[BlackElo "2534"]
[Annotator "ChessBase"]
[PlyCount "114"]
[EventDate "2018.10.07"]
[EventType "swiss"]
[EventCountry "RUS"]
[SourceTitle "playchess.com"]
[Source "ChessBase"]
[SourceQuality "1"]

1. Nf3 Nf6 2. g3 d5 3. Bg2 g6 4. O-O Bg7 5. d3 O-O 6. Nbd2 c5 7. e4 e6 8. Re1 Nc6 9. Qe2 b6 10. Nf1 e5 11. exd5 Nxd5 12. Ne3 Nxe3 13. Bxe3 Be6 14. Ng5 Bd5 15. Bxd5 Qxd5 16. c3 Rad8 17. Red1 h6 18. Nf3 Rfe8 19. Ne1 Nd4 20. Qd2 Nf5 21. Qe2 h5 22. Bg5 Rc8 23. Qe4 Qe6 24. Ng2 Nd6 25. Qe2 e4 26. Bf4 exd3 27. Qxe6 Rxe6 28. Rxd3 Nc4 29. Rb1 Re2 30. b3 Na3 31. Re1 Rxa2 32. Ne3 Re8 33. Red1 Nb5 34. Nd5 Rb2 35. b4 c4 36. Rf3 Rc2 37. Bd2 Rd8 38. Bh6 Kh7 39. Bxg7 Kxg7 40. Kg2 Re2 41. Ne3 Rxd1 42. Nxd1 Rc2 43. Rf4 Rc1 44. Ne3 Rxc3 45. Nxc4 Rb3 46. Ne5 Nd6 47. Nc6 a6 48. Rd4 Nf5 49. Rd7 Kf6 50. Rb7 a5 51. Rxb6 Kg7 52. bxa5 Ra3 53. a6 Ra2 54. a7 Ne3+ 55. Kf3 Nd1 56. Rb8 f5 57. a8=Q Rxf2# 0-1

[Event "RUS-ch Blitz Men 2018"]
[Site "Sochi"]
[Date "2018.10.07"]
[Round "13"]
[White "Malakhov, Igor"]
[Black "Tekeyev, Zaur"]
[Result "0-1"]
[WhiteElo "2423"]
[BlackElo "2392"]
[Annotator "NA"]
[PlyCount "104"]
[EventDate "2018.10.07"]
[EventType "swiss"]
[EventCountry "RUS"]
[SourceTitle "playchess.com"]
[Source "ChessBase"]
[SourceQuality "1"]

1. e4 c5 2. Nf3 Nc6 3. d4 cxd4 4. Nxd4 e5 5. Nb5 d6 6. N5c3 Be7 7. Nd2 Nf6 8. Nc4 O-O 9. Bg5 Nd4 10. Bxf6 Bxf6 11. Nd5 Bg5 12. c3 Nc6 13. h4 Bh6 14. g4 Bf4 15. Qf3 b5 16. Na3 b4 17. Nc4 bxc3 18. bxc3 Be6 19. Nxf4 exf4 20. Qxf4 Bxc4 21. Bxc4 Ne5 22. Be2 Rc8 23. Rh3 Qa5 24. Qd2 Rfd8 25. Rd1 Qa4 26. f3 Qa3 27. f4 Nc4 28. Qd4 Nb2 29. Rd2 Na4 30. Kf2 Qc1 31. c4 Nc5 32. Kg2 Nxe4 33. Rd1 Qxf4 34. Rf1 Qe5 35. Qxe5 dxe5 36. Re3 Rd4 37. Rc1 f6 38. Bf3 Nd2 39. Bd5+ Rxd5 40. cxd5 Rxc1 41. d6 Rc8 42. Ra3 Rd8 43. Rxa7 Rxd6 44. a4 h5 45. gxh5 Kh7 46. a5 Rd3 47. a6 Ra3 48. Ra8 Nc4 49. Kf2 Nd6 50. Kg2 Nb5 51. h6 Kxh6 52. Rb8 Nc7 0-1

[Event "RUS-ch Blitz Men 2018"]
[Site "Sochi"]
[Date "2018.10.07"]
[Round "13"]
[White "Sadovsky, Artem"]
[Black "Kobalia, Mikhail"]
[Result "0-1"]
[WhiteElo "2408"]
[BlackElo "2620"]
[Annotator "ChessBase"]
[PlyCount "76"]
[EventDate "2018.10.07"]
[EventType "swiss"]
[EventCountry "RUS"]
[SourceTitle "playchess.com"]
[Source "ChessBase"]
[SourceQuality "1"]

1. c4 c6 2. Nf3 d5 3. b3 Bg4 4. Bb2 Nd7 5. d3 Ngf6 6. Nbd2 e6 7. h3 Bh5 8. g4 Bg6 9. Bg2 Bd6 10. Qc2 Qe7 11. a3 O-O 12. h4 h5 13. g5 Ng4 14. e4 dxe4 15. Nxe4 Bxe4 16. dxe4 Nde5 17. Nxe5 Bxe5 18. Bxe5 Nxe5 19. Qc3 Ng6 20. Qb4 Qc7 21. O-O-O Nf4 22. Bf3 Rfd8 23. Qc3 e5 24. Rxd8+ Rxd8 25. Rd1 Rxd1+ 26. Bxd1 g6 27. Qd2 Ne6 28. Kb2 Nd4 29. f4 c5 30. f5 a6 31. b4 cxb4 32. Qxb4 Qd7 33. f6 Nc6 34. Ba4 Qd4+ 35. Qc3 Qxe4 36. Bc2 Qxh4 37. Ka2 Qd4 38. Qb3 b6 0-1

[Event "RUS-ch Blitz Men 2018"]
[Site "Sochi"]
[Date "2018.10.07"]
[Round "13"]
[White "Gogolev, Artem"]
[Black "Khanin, Semen"]
[Result "0-1"]
[WhiteElo "2389"]
[BlackElo "2510"]
[Annotator "ChessBase"]
[PlyCount "67"]
[EventDate "2018.10.07"]
[EventType "swiss"]
[EventCountry "RUS"]
[SourceTitle "playchess.com"]
[Source "ChessBase"]
[SourceQuality "1"]

1. Nf3 d5 2. e3 g6 3. c4 Nf6 4. b3 Bg7 5. Bb2 O-O 6. cxd5 Qxd5 7. Nc3 Qd8 8. d4 c5 9. Be2 cxd4 10. Nxd4 a6 11. O-O e5 12. Nf3 Nc6 13. Qxd8 Rxd8 14. Na4 Bg4 15. Nb6 Rab8 16. Rfe1 e4 17. Nd4 Nb4 18. Bxg4 Nxg4 19. Re2 Nd3 20. a4 Nxb2 21. Rxb2 Rxd4 22. exd4 Bxd4 23. Rab1 Bxb6 24. Re2 f5 25. h3 Nxf2 26. Rxf2 Rd8 27. Rbb2 Rd1+ 28. Kh2 Bxf2 29. Rxf2 Kf7 30. Rc2 Ke6 31. Kg3 Rd3+ 32. Kf4 Rxb3 33. Rc7 h6 34. h4 0-1

[Event "RUS-ch Blitz Men 2018"]
[Site "Sochi"]
[Date "2018.10.07"]
[Round "13"]
[White "Derjabin, Ilja"]
[Black "Dzhumagaliev, Yan"]
[Result "0-1"]
[WhiteElo "2345"]
[BlackElo "2410"]
[Annotator "TA"]
[PlyCount "68"]
[EventDate "2018.10.07"]
[EventType "swiss"]
[EventCountry "RUS"]
[SourceTitle "playchess.com"]
[Source "ChessBase"]
[SourceQuality "1"]

1. d4 Nf6 2. c4 e6 3. Nc3 Bb4 4. f3 c5 5. a3 Bxc3+ 6. bxc3 d6 7. e4 Nc6 8. Be3 b6 9. Bd3 e5 10. Ne2 O-O 11. O-O Ba6 12. d5 Na5 13. Bg5 h6 14. Bh4 g5 15. Bf2 Bxc4 16. Bxc4 Nxc4 17. Ng3 Kh7 18. h4 Rg8 19. Nf5 g4 20. Qe2 b5 21. a4 a6 22. Rfb1 gxf3 23. Qxf3 Rg6 24. h5 Rg5 25. Bh4 Nd2 26. Qe3 Nc4 27. Qe2 Nxh5 28. Bxg5 Qxg5 29. Ra2 Nf4 30. Qf3 Rb8 31. axb5 axb5 32. Rba1 b4 33. Ra7 Nd2 34. Rxf7+ Kh8 0-1

[Event "RUS-ch Blitz Men 2018"]
[Site "Sochi"]
[Date "2018.10.07"]
[Round "13"]
[White "Murzin, Volodar"]
[Black "Nuristani, Iman"]
[Result "1-0"]
[WhiteElo "2340"]
[BlackElo "2295"]
[Annotator "NA"]
[PlyCount "59"]
[EventDate "2018.10.07"]
[EventType "swiss"]
[EventCountry "RUS"]
[SourceTitle "playchess.com"]
[Source "ChessBase"]
[SourceQuality "1"]

1. e4 e6 2. d3 d5 3. Nd2 c5 4. Ngf3 Nf6 5. g3 g6 6. Bg2 Bg7 7. O-O O-O 8. Re1 Nc6 9. c3 b6 10. e5 Nd7 11. d4 a5 12. a4 Ba6 13. Nf1 Rc8 14. Bg5 Qc7 15. Qd2 Rfe8 16. Bh6 cxd4 17. Bxg7 Kxg7 18. cxd4 Nb4 19. Ne3 h6 20. Rec1 Qb7 21. Ng4 Rh8 22. Rxc8 Qxc8 23. Rc1 Qb7 24. h4 h5 25. Nf6 Nd3 26. Rc3 Nxf6 27. exf6+ Kxf6 28. Bf1 Nb4 29. Qf4+ Kg7 30. Rc7 1-0

[Event "RUS-ch Blitz Men 2018"]
[Site "Sochi"]
[Date "2018.10.07"]
[Round "13"]
[White "Ivlev, Aleksey"]
[Black "Iljiushenok, Ilia"]
[Result "1-0"]
[WhiteElo "2326"]
[BlackElo "2539"]
[Annotator "ChessBase"]
[PlyCount "67"]
[EventDate "2018.10.07"]
[EventType "swiss"]
[EventCountry "RUS"]
[SourceTitle "playchess.com"]
[Source "ChessBase"]
[SourceQuality "1"]

1. d4 d6 2. c4 e5 3. Nc3 exd4 4. Qxd4 Nc6 5. Qd2 g6 6. b3 Bg7 7. Bb2 Nf6 8. g3 O-O 9. Bg2 Re8 10. Nh3 Ne5 11. Nf4 Rb8 12. O-O Bf5 13. h3 g5 14. Nfd5 Nxd5 15. Nxd5 b5 16. cxb5 Rxb5 17. Rac1 c5 18. Ne3 Bc8 19. Rfd1 Rb6 20. Qc2 Ra6 21. Ba1 Qa5 22. a4 Be6 23. Nd5 Qd8 24. f4 gxf4 25. gxf4 Nc6 26. Bxg7 Kxg7 27. Qc3+ f6 28. e3 Rf8 29. Kh2 Kh8 30. Bf3 Bxd5 31. Rxd5 Ne7 32. Rh5 d5 33. Qd3 f5 34. Qxa6 1-0

[Event "RUS-ch Blitz Men 2018"]
[Site "Sochi"]
[Date "2018.10.07"]
[Round "13"]
[White "Kozak, Alexander"]
[Black "Grachev, Boris"]
[Result "0-1"]
[WhiteElo "2262"]
[BlackElo "2626"]
[Annotator "ChessBase"]
[PlyCount "106"]
[EventDate "2018.10.07"]
[EventType "swiss"]
[EventCountry "RUS"]
[SourceTitle "playchess.com"]
[Source "ChessBase"]
[SourceQuality "1"]

1. e4 c5 2. c3 e6 3. d4 d5 4. exd5 exd5 5. Nf3 a6 6. Bd3 c4 7. Bc2 Bd6 8. Ne5 Bxe5 9. dxe5 Ne7 10. Bg5 Nbc6 11. O-O Be6 12. Re1 h6 13. Bf4 d4 14. cxd4 Qxd4 15. Qxd4 Nxd4 16. Be4 O-O-O 17. Nc3 Rd7 18. Na4 Kb8 19. Nc5 Rc7 20. Nxe6 fxe6 21. Be3 Rd8 22. f4 b5 23. g4 Rcd7 24. Rac1 h5 25. h3 g5 26. fxg5 hxg4 27. hxg4 Ndc6 28. b3 Kc8 29. bxc4 b4 30. Bf4 Rf8 31. Bg3 Rg8 32. Rcd1 Rxg5 33. Bf3 Rxd1 34. Rxd1 Nxe5 35. Be2 Nxg4 36. Kg2 Ne3+ 37. Kf3 Nxd1 38. Bxd1 Ra5 39. Bb3 Nf5 40. Be1 Nd4+ 41. Ke4 Nxb3 42. axb3 Ra3 43. Bxb4 Rxb3 44. Bd2 Kd7 45. Kd4 Kc6 46. Ba5 Rh3 47. Bd8 Rh7 48. Bf6 Rh5 49. Bd8 a5 50. Be7 Rh7 51. Bf8 Rb7 52. Ke5 a4 53. Kxe6 Rb3 0-1

[Event "RUS-ch Blitz Men 2018"]
[Site "Sochi"]
[Date "2018.10.07"]
[Round "13"]
[White "Nazaretyan, Tigran"]
[Black "Bocharov, Dmitry"]
[Result "1-0"]
[WhiteElo "2248"]
[BlackElo "2557"]
[Annotator "TA"]
[PlyCount "68"]
[EventDate "2018.10.07"]
[EventType "swiss"]
[EventCountry "RUS"]
[SourceTitle "playchess.com"]
[Source "ChessBase"]
[SourceQuality "1"]

1. d4 d6 2. Nf3 g6 3. c4 Nf6 4. Nc3 Bf5 5. Ng5 Bd7 6. e4 e5 7. Nf3 Nc6 8. d5 Ne7 9. h3 Bg7 10. Be3 O-O 11. c5 dxc5 12. Bxc5 Ne8 13. Bb5 Bxb5 14. Nxb5 Nd6 15. Nxd6 cxd6 16. Ba3 Bh6 17. O-O f5 18. Nd2 Rc8 19. b3 Qd7 20. Nc4 Rf6 21. Qd3 b5 22. Na5 fxe4 23. Qxe4 Rf4 24. Qd3 Rd4 25. Qe2 Nxd5 26. Qf3 Rf8 27. Qe2 Nf4 28. Qg4 Qxg4 29. hxg4 Ne2+ 30. Kh2 e4 31. g3 Rd2 32. Rfd1 Rxf2+ 33. Kh3 Ng1+ 34. Kh4 Rh2# 1-0

[Event "RUS-ch Blitz Men 2018"]
[Site "Sochi"]
[Date "2018.10.07"]
[Round "14"]
[White "Morozevich, Alexander"]
[Black "Timofeev, Artyom"]
[Result "1/2-1/2"]
[WhiteElo "2677"]
[BlackElo "2610"]
[Annotator "TA"]
[PlyCount "117"]
[EventDate "2018.10.07"]
[EventType "swiss"]
[EventCountry "RUS"]
[SourceTitle "playchess.com"]
[Source "ChessBase"]
[SourceQuality "1"]

1. e4 e6 2. d4 d5 3. e5 c5 4. c3 Nc6 5. Nf3 Qb6 6. a3 f6 7. Bd3 fxe5 8. dxe5 c4 9. Bc2 Nh6 10. O-O g6 11. b4 cxb3 12. Bxb3 Ng4 13. Bf4 Bc5 14. Bg3 O-O 15. Nbd2 Ne7 16. Nd4 Bxd4 17. cxd4 Qxd4 18. Nf3 Qxd1 19. Rfxd1 Nc6 20. Rac1 Bd7 21. h3 Nh6 22. Bh4 Rxf3 23. gxf3 Nxe5 24. Rc7 Nxf3+ 25. Kh1 Bc6 26. Bg3 Nf5 27. Kg2 N3d4 28. Rb1 Nb5 29. Rxc6 bxc6 30. a4 Nbd4 31. Be5 Nxb3 32. Rxb3 c5 33. a5 a6 34. Rb6 c4 35. Rxe6 d4 36. Rc6 c3 37. Kf3 Re8 38. Ke4 Ra8 39. Bxd4 Nxd4 40. Kxd4 Rf8 41. Kxc3 Rxf2 42. Rxa6 Rf3+ 43. Kb4 Rxh3 44. Rc6 Rh1 45. a6 Rb1+ 46. Ka5 Kg7 47. a7 Ra1+ 48. Kb6 h5 49. Rc8 h4 50. a8=Q Rxa8 51. Rxa8 Kf6 52. Kc5 Ke5 53. Kc4 Ke4 54. Kc3 Ke3 55. Rg8 Kf3 56. Rxg6 h3 57. Kd2 h2 58. Rh6 Kg2 59. Ke1 1/2-1/2

[Event "RUS-ch Blitz Men 2018"]
[Site "Sochi"]
[Date "2018.10.07"]
[Round "14"]
[White "Bocharov, Ivan"]
[Black "Sjugirov, Sanan"]
[Result "1-0"]
[WhiteElo "2667"]
[BlackElo "2711"]
[Annotator "TA"]
[PlyCount "48"]
[EventDate "2018.10.07"]
[EventType "swiss"]
[EventCountry "RUS"]
[SourceTitle "playchess.com"]
[Source "ChessBase"]
[SourceQuality "1"]

1. e4 c5 2. Nf3 d6 3. d4 cxd4 4. Nxd4 Nf6 5. Nc3 a6 6. f3 e6 7. Be3 b5 8. Qd2 Nbd7 9. O-O-O Qc7 10. g4 h6 11. h4 b4 12. Na4 d5 13. Rg1 dxe4 14. g5 hxg5 15. hxg5 Nd5 16. g6 N7f6 17. gxf7+ Qxf7 18. Bg2 exf3 19. Bxf3 Bb7 20. Rde1 Be7 21. Bf2 O-O-O 22. Nxe6 Nc3 23. Bxb7+ Kxb7 24. Qe3 b3 1-0

[Event "RUS-ch Blitz Men 2018"]
[Site "Sochi"]
[Date "2018.10.07"]
[Round "14"]
[White "Savchenko, Boris"]
[Black "Panarin, Mikhail"]
[Result "1-0"]
[WhiteElo "2657"]
[BlackElo "2526"]
[Annotator "TA"]
[PlyCount "139"]
[EventDate "2018.10.07"]
[EventType "swiss"]
[EventCountry "RUS"]
[SourceTitle "playchess.com"]
[Source "ChessBase"]
[SourceQuality "1"]

1. e4 c5 2. Nf3 e6 3. d4 cxd4 4. Nxd4 Nc6 5. Nc3 Qc7 6. Be3 a6 7. a3 b5 8. f4 Nxd4 9. Qxd4 Bb7 10. O-O-O Rc8 11. Bd3 Nf6 12. e5 Ng4 13. Ne4 Nxe3 14. Qxe3 b4 15. axb4 Bxb4 16. Kb1 Rb8 17. Qa7 O-O 18. Qe3 Bxe4 19. Qxe4 g6 20. Bc4 a5 21. Bb3 d5 22. exd6 Bxd6 23. Rd4 Be7 24. Rc4 Qa7 25. Qe5 Rb4 26. Rc7 Rb7 27. Rc4 Rfb8 28. Rd1 Bf8 29. Rcd4 Qb6 30. Qe4 Bg7 31. Rc4 h5 32. g3 Ra7 33. Ra4 Qc7 34. Qe3 Rb4 35. Rxb4 axb4 36. Qd3 Qa5 37. Qd8+ Qxd8 38. Rxd8+ Bf8 39. Bc4 Kg7 40. Bd3 Be7 41. Rc8 Kf6 42. Be4 Rd7 43. Bd3 b3 44. Kc1 bxc2 45. Kxc2 Rb7 46. Bc4 Bd6 47. Rc6 Ke7 48. Ra6 Bc5 49. b3 Bg1 50. h3 Bh2 51. g4 hxg4 52. hxg4 Bxf4 53. Kd3 Bd6 54. Kd4 Rd7 55. Bb5 Rc7 56. Bc6 f5 57. gxf5 gxf5 58. Kc4 Kf6 59. b4 Rc8 60. b5 Rb8 61. b6 Ke5 62. b7 Kf6 63. Kb5 Ke7 64. Ra8 e5 65. Kb6 e4 66. Ka7 Rxb7+ 67. Kxb7 Ke6 68. Re8+ Kf6 69. Kb6 Be5 70. Kc5 1-0

[Event "RUS-ch Blitz Men 2018"]
[Site "Sochi"]
[Date "2018.10.07"]
[Round "14"]
[White "Bocharov, Dmitry"]
[Black "Nazaretyan, Tigran"]
[Result "1-0"]
[WhiteElo "2649"]
[BlackElo "2307"]
[Annotator "TA"]
[PlyCount "67"]
[EventDate "2018.10.07"]
[EventType "swiss"]
[EventCountry "RUS"]
[SourceTitle "playchess.com"]
[Source "ChessBase"]
[SourceQuality "1"]

1. c4 e6 2. Nf3 d5 3. e3 Nf6 4. b3 Be7 5. Bb2 b6 6. Nc3 Bb7 7. Qc2 O-O 8. cxd5 exd5 9. Ne2 c5 10. Ng3 Ne4 11. Bd3 f5 12. Nh5 g6 13. Nf4 Qd7 14. Be2 Bf6 15. O-O Ba6 16. d3 Bxb2 17. Qxb2 Nf6 18. b4 Qb5 19. a3 Bc8 20. Rfc1 Nc6 21. d4 c4 22. Nxd5 Ba6 23. Nc3 Ne4 24. Nxb5 Bxb5 25. Bxc4+ Bxc4 26. Rxc4 Ne7 27. Rac1 Nd5 28. Ne5 f4 29. f3 fxe3 30. fxe4 Rf2 31. Qxf2 exf2+ 32. Kxf2 Nf4 33. Rc8+ Rxc8 34. Rxc8+ 1-0

[Event "RUS-ch Blitz Men 2018"]
[Site "Sochi"]
[Date "2018.10.07"]
[Round "14"]
[White "Demchenko, Anton"]
[Black "Gordievsky, Dmitry"]
[Result "0-1"]
[WhiteElo "2646"]
[BlackElo "2614"]
[Annotator "TA"]
[PlyCount "104"]
[EventDate "2018.10.07"]
[EventType "swiss"]
[EventCountry "RUS"]
[SourceTitle "playchess.com"]
[Source "ChessBase"]
[SourceQuality "1"]

1. e4 c5 2. Nf3 g6 3. c3 Nf6 4. e5 Nd5 5. Bc4 Nb6 6. Bb3 Bg7 7. O-O Nc6 8. Re1 O-O 9. d4 cxd4 10. cxd4 d6 11. e6 fxe6 12. Nc3 Rxf3 13. Qxf3 Nxd4 14. Qd1 d5 15. Bf4 Qf8 16. Qd2 Qf5 17. Rad1 Bd7 18. Be3 Nxb3 19. axb3 Bc6 20. Bd4 Rf8 21. Bxg7 Kxg7 22. Qd4+ Rf6 23. f3 Kf7 24. b4 Qf4 25. Ne2 Qd6 26. Nc3 Qf4 27. Ne2 Qd6 28. Qf2 e5 29. Nc3 Rf5 30. b5 Bd7 31. Ne4 Qe6 32. g4 dxe4 33. gxf5 gxf5 34. fxe4 f4 35. Kh1 Bxb5 36. Qh4 Qg6 37. Rd2 Bc6 38. Rg2 Bxe4 39. Rxe4 Qxe4 40. Qh5+ Ke6 41. Qg4+ Kd6 42. Qd1+ Nd5 43. b4 Kc7 44. Qc1+ Kd7 45. Qd2 Qb1+ 46. Rg1 Qe4+ 47. Rg2 Ke6 48. Qa2 Kf6 49. Qf2 Ne3 50. Qh4+ Ke6 51. Qh3+ Kd6 52. Qh6+ Kd5 0-1

[Event "RUS-ch Blitz Men 2018"]
[Site "Sochi"]
[Date "2018.10.07"]
[Round "14"]
[White "Grachev, Boris"]
[Black "Kozak, Alexander"]
[Result "1-0"]
[WhiteElo "2646"]
[BlackElo "2431"]
[Annotator "TA"]
[PlyCount "112"]
[EventDate "2018.10.07"]
[EventType "swiss"]
[EventCountry "RUS"]
[SourceTitle "playchess.com"]
[Source "ChessBase"]
[SourceQuality "1"]

1. d4 d5 2. Bf4 e6 3. e3 f5 4. c4 Nf6 5. Nc3 c6 6. Nf3 Bd6 7. Bd3 O-O 8. O-O Ne4 9. Qc2 Qe7 10. Rab1 a5 11. Bxd6 Nxd6 12. Ne5 Nd7 13. c5 Nf7 14. Nxd7 Bxd7 15. f4 Kh8 16. b4 axb4 17. Rxb4 Bc8 18. Rfb1 g5 19. Na4 Ra7 20. Nb6 Bd7 21. Qb2 Nd8 22. Qf2 Ra3 23. R4b3 Rxb3 24. axb3 Nf7 25. Ra1 Rb8 26. Ra7 Be8 27. fxg5 Nxg5 28. Qf4 Rd8 29. h4 Nf7 30. Ba6 e5 31. Qxf5 exd4 32. Rxb7 Qxe3+ 33. Kh2 Qe5+ 34. Qxe5+ Nxe5 35. Re7 Ng4+ 36. Kg3 Nf6 37. Bd3 Bg6 38. Bxg6 hxg6 39. Kf2 Ne4+ 40. Ke2 Nxc5 41. b4 Na6 42. Nd7 Kg8 43. Nf6+ Kf8 44. Rb7 Rd6 45. Nh7+ Ke8 46. g4 Re6+ 47. Kd2 Kd8 48. Rb6 Nc7 49. Rb8+ Ke7 50. Rb7 Kd6 51. Ng5 Re7 52. h5 gxh5 53. gxh5 Rg7 54. Nf3 Rh7 55. Nxd4 Rxh5 56. Rb6 Rh4 1-0

[Event "RUS-ch Blitz Men 2018"]
[Site "Sochi"]
[Date "2018.10.07"]
[Round "14"]
[White "Sychev, Klementy"]
[Black "Tsoi, Dmitry"]
[Result "1-0"]
[WhiteElo "2638"]
[BlackElo "2390"]
[Annotator "TA"]
[PlyCount "215"]
[EventDate "2018.10.07"]
[EventType "swiss"]
[EventCountry "RUS"]
[SourceTitle "playchess.com"]
[Source "ChessBase"]
[SourceQuality "1"]

1. e4 e5 2. Nf3 d6 3. d4 exd4 4. Nxd4 Nf6 5. Nc3 Be7 6. g3 Nc6 7. Nxc6 bxc6 8. Bg2 O-O 9. O-O Rb8 10. b3 c5 11. Bb2 Bb7 12. Re1 Nd7 13. Na4 Bf6 14. Qd2 Bc6 15. Bxf6 Qxf6 16. Nc3 Rfe8 17. Rad1 Rb4 18. e5 dxe5 19. Bxc6 Rd4 20. Bxd7 Rxd2 21. Rxd2 Rf8 22. Rde2 c4 23. Rxe5 cxb3 24. axb3 g6 25. Bb5 Kg7 26. Bc4 h5 27. h4 Rd8 28. R5e3 Qf5 29. Ne4 f6 30. Kg2 Qa5 31. c3 Re8 32. b4 Qb6 33. Nc5 Rxe3 34. Rxe3 g5 35. Re7+ Kh8 36. Re6 Qb8 37. hxg5 fxg5 38. Rh6+ Kg7 39. Rxh5 Kg6 40. Rh1 a5 41. Bd3+ Kg7 42. bxa5 Qa8+ 43. Be4 Qxa5 44. Ne6+ Kf6 45. Rh6+ Ke7 46. Nxc7 Qc5 47. Nd5+ Kf7 48. Rf6+ Kg7 49. Rf5 Qc4 50. Rxg5+ Kf8 51. Rf5+ Kg7 52. Rf4 Qc5 53. Bf3 Kg6 54. c4 Kg5 55. Ne3 Kg6 56. Be4+ Kg7 57. Bd5 Kg6 58. Ng4 Kg5 59. Nf6 Qc7 60. Ne4+ Kh5 61. Rf7 Qc8 62. Rf4 Qc7 63. c5 Qe5 64. Bf7+ Kh6 65. c6 Qc7 66. Bd5 Qe5 67. Bf7 Qc7 68. Be8 Qe5 69. Bd7 Qd5 70. Kg1 Qd1+ 71. Kh2 Qd4 72. c7 Qxd7 73. Rh4+ Kg6 74. Rf4 Qxc7 75. Nd2 Qd6 76. Nf3 Qc7 77. Kg2 Qb7 78. Rd4 Kf5 79. Rf4+ Kg6 80. Kh2 Qb2 81. Kh3 Qe2 82. Kg2 Qb2 83. g4 Qb8 84. Rf5 Qb4 85. Kg3 Qb8+ 86. Kg2 Qb4 87. Ne5+ Kh6 88. Kg3 Qc3+ 89. Nf3 Qc7+ 90. Kh3 Qc3 91. Kg2 Kg6 92. Rg5+ Kh6 93. Rh5+ Kg6 94. Ne5+ Kf6 95. Rf5+ Ke6 96. Ng6 Qc6+ 97. f3 Qc2+ 98. Kg3 Qc1 99. Nf4+ Ke7 100. Kh4 Qe1+ 101. Kg5 Qe3 102. Kg6 Qb6+ 103. Kh5 Qb3 104. Kh4 Ke8 105. Ng6 Qb1 106. Kg5 Qc1+ 107. f4 Qc6 108. Rf8+ 1-0

[Event "RUS-ch Blitz Men 2018"]
[Site "Sochi"]
[Date "2018.10.07"]
[Round "14"]
[White "Esipenko, Andrey"]
[Black "Artemiev, Vladislav"]
[Result "0-1"]
[WhiteElo "2634"]
[BlackElo "2849"]
[Annotator "TA"]
[PlyCount "126"]
[EventDate "2018.10.07"]
[EventType "swiss"]
[EventCountry "RUS"]
[SourceTitle "playchess.com"]
[Source "ChessBase"]
[SourceQuality "1"]

1. d4 d5 2. Nf3 Nf6 3. Bf4 c5 4. e3 Qb6 5. Nc3 a6 6. Rb1 Nc6 7. h3 cxd4 8. exd4 Bf5 9. Bd3 Bxd3 10. Qxd3 e6 11. O-O Be7 12. Ne2 Qb5 13. Qd1 Qa4 14. a3 O-O 15. c3 Qxd1 16. Rfxd1 Nd7 17. Nc1 b5 18. Nd3 Rfc8 19. Re1 a5 20. Rbc1 Nb6 21. Nfe5 Nxe5 22. Bxe5 Nc4 23. Bf4 Nd6 24. Nc5 Nf5 25. Nd3 h5 26. g4 hxg4 27. hxg4 Nh4 28. Kf1 g5 29. Bg3 Nf3 30. Red1 Kg7 31. Kg2 Nh4+ 32. Bxh4 gxh4 33. f4 Rc4 34. Ne5 Rc7 35. Kh3 Rac8 36. Nd3 Rc4 37. Ne5 Ra4 38. g5 Bd6 39. Kxh4 b4 40. axb4 axb4 41. Kg4 bxc3 42. Rxc3 Rb8 43. Rc2 Rab4 44. Rdd2 Ra8 45. Nf3 Rb6 46. Rh2 Rab8 47. f5 exf5+ 48. Kxf5 Bxh2 49. Rxh2 Rxb2 50. Rxb2 Rxb2 51. Ke5 Rf2 52. Nh4 Rh2 53. Nf3 Rh3 54. Kf4 Kf8 55. Ne5 Rh4+ 56. Ng4 Ke7 57. Kf5 Kd6 58. Nh6 Ke7 59. Ng4 Kd7 60. Nf6+ Kd6 61. Ng4 Rh1 62. Ne5 Rf1+ 63. Kg4 Ke6 0-1

[Event "RUS-ch Blitz Men 2018"]
[Site "Sochi"]
[Date "2018.10.07"]
[Round "14"]
[White "Chigaev, Maksim"]
[Black "Moiseenko, Vadim"]
[Result "1-0"]
[WhiteElo "2616"]
[BlackElo "2421"]
[Annotator "RC"]
[PlyCount "57"]
[EventDate "2018.10.07"]
[EventType "swiss"]
[EventCountry "RUS"]
[SourceTitle "playchess.com"]
[Source "ChessBase"]
[SourceQuality "1"]

1. e4 e5 2. Nf3 Nc6 3. Bc4 Nf6 4. d3 h6 5. O-O d6 6. c3 g5 7. Re1 Bd7 8. Bb3 Qe7 9. Nbd2 g4 10. Nh4 Nxe4 11. dxe4 Qxh4 12. Nf1 Qf6 13. Ne3 h5 14. Nd5 Qd8 15. f4 Bg7 16. f5 f6 17. a4 Ne7 18. Ne3 Bh6 19. Nd5 Bg7 20. Ne3 a5 21. h3 gxh3 22. gxh3 Qb8 23. Kh2 Qa7 24. Rg1 Bh6 25. Nd5 Nxd5 26. Qxh5+ Ke7 27. Bxh6 Qf2+ 28. Kh1 Nf4 29. Qf7+ 1-0

[Event "RUS-ch Blitz Men 2018"]
[Site "Sochi"]
[Date "2018.10.07"]
[Round "14"]
[White "Alekseenko, Kirill"]
[Black "Shcherbakov, Ruslan"]
[Result "1-0"]
[WhiteElo "2613"]
[BlackElo "2501"]
[Annotator "TA"]
[PlyCount "73"]
[EventDate "2018.10.07"]
[EventType "swiss"]
[EventCountry "RUS"]
[SourceTitle "playchess.com"]
[Source "ChessBase"]
[SourceQuality "1"]

1. e4 e5 2. Nf3 Nc6 3. Bb5 g6 4. c3 Bg7 5. d4 exd4 6. cxd4 a6 7. Ba4 b5 8. Bc2 d6 9. h3 Nge7 10. O-O O-O 11. Nc3 Nb4 12. Bb1 c5 13. d5 c4 14. a3 Nd3 15. Bxd3 cxd3 16. Qxd3 Rb8 17. b4 f5 18. Bb2 fxe4 19. Qxe4 Bf5 20. Qe2 Re8 21. Qd2 Rc8 22. Rfe1 Rc4 23. Rac1 Nc8 24. Ne2 Nb6 25. Bxg7 Kxg7 26. Ng3 Rxe1+ 27. Rxe1 Qf6 28. Nxf5+ Qxf5 29. Re7+ Kf8 30. Rxh7 Nxd5 31. Qh6+ Ke8 32. Qg7 Rc1+ 33. Kh2 Qf4+ 34. g3 Rh1+ 35. Kxh1 Qxf3+ 36. Kg1 Qd1+ 37. Kh2 1-0

[Event "RUS-ch Blitz Men 2018"]
[Site "Sochi"]
[Date "2018.10.07"]
[Round "14"]
[White "Rozum, Ivan"]
[Black "Paravyan, David"]
[Result "1-0"]
[WhiteElo "2595"]
[BlackElo "2634"]
[Annotator "TA"]
[PlyCount "101"]
[EventDate "2018.10.07"]
[EventType "swiss"]
[EventCountry "RUS"]
[SourceTitle "playchess.com"]
[Source "ChessBase"]
[SourceQuality "1"]

1. d4 Nf6 2. Nf3 g6 3. Nbd2 Bg7 4. e4 d6 5. c3 O-O 6. Be2 Nc6 7. O-O e5 8. dxe5 Nxe5 9. Nxe5 dxe5 10. Qc2 Qe7 11. Nc4 Rd8 12. b4 Be6 13. a4 Nh5 14. g3 Nf6 15. f3 Ne8 16. Be3 Nd6 17. Nb2 h5 18. c4 h4 19. c5 Ne8 20. Rad1 hxg3 21. hxg3 Bf6 22. Bc4 Bg5 23. Bf2 Ng7 24. Kg2 b6 25. Rxd8+ Rxd8 26. Rd1 Rb8 27. Qd3 a5 28. b5 bxc5 29. Bxe6 Nxe6 30. Qd7 Qf6 31. Qc6 Rd8 32. Rd7 Rxd7 33. Qxd7 Bh6 34. Nc4 Bf8 35. Nxa5 Nd4 36. Qg4 Kg7 37. Nc4 Be7 38. Be3 Bd8 39. f4 exf4 40. Qxf4 Qe7 41. Qe5+ Qxe5 42. Nxe5 Nb3 43. Nc6 Bf6 44. a5 Bd4 45. a6 Bxe3 46. a7 c4 47. a8=Q c3 48. Nb4 Nd4 49. Qa2 Bd2 50. Qc4 Ne6 51. Nd5 1-0

[Event "RUS-ch Blitz Men 2018"]
[Site "Sochi"]
[Date "2018.10.07"]
[Round "14"]
[White "Triapishko, Alexandr"]
[Black "Alekseev, Evgeny"]
[Result "0-1"]
[WhiteElo "2560"]
[BlackElo "2629"]
[Annotator "TA"]
[PlyCount "98"]
[EventDate "2018.10.07"]
[EventType "swiss"]
[EventCountry "RUS"]
[SourceTitle "playchess.com"]
[Source "ChessBase"]
[SourceQuality "1"]

1. Nf3 c5 2. g3 Nc6 3. d4 cxd4 4. Nxd4 g6 5. Bg2 Bg7 6. Nxc6 bxc6 7. c4 Qa5+ 8. Bd2 Qc5 9. Qb3 Ba6 10. Na3 Nf6 11. O-O O-O 12. Qa4 Bc8 13. Qa5 Qxa5 14. Bxa5 Rb8 15. Bc3 Ne8 16. Bxg7 Nxg7 17. b3 Ne6 18. Nc2 Bb7 19. Rfd1 d6 20. Rd2 a5 21. Rad1 Rfc8 22. e3 Rc7 23. f4 Ba8 24. e4 c5 25. e5 dxe5 26. fxe5 Bxg2 27. Kxg2 a4 28. Rd3 axb3 29. axb3 Rcb7 30. Rb1 Kg7 31. h4 h5 32. Kf3 Kf8 33. Ke4 Kg7 34. Kf3 Nd8 35. Ke4 Nc6 36. Rd5 Na5 37. Rxc5 Nxb3 38. Rd5 Nd2+ 39. Rxd2 Rxb1 40. Nd4 Re1+ 41. Kd5 Rd8+ 42. Kc6 Rc8+ 43. Kd5 e6+ 44. Kd6 Rxc4 45. Nf3 Re3 46. Rf2 Rd3+ 47. Ke7 Rc7+ 48. Ke8 Ra3 49. Rf1 Ra8# 0-1